Dominicanidad de Pedro Henríquez Ureña / (Record no. 20380)

MARC details
000 -LEADER
campo de control de longitud fija 01255cam a2200337 a 4500
001 - NÚMERO DE CONTROL
campo de control 61585
005 - FECHA Y HORA DE LA ÚLTIMA TRANSACCIÓN
campo de control 20230410103521.0
008 - DATOS DE LONGITUD FIJA--INFORMACIÓN GENERAL
campo de control de longitud fija 861125s1984 dr a b 001 0 spa
035 ## - NÚMERO DE CONTROL DEL SISTEMA
-- (DLC) 86226826
035 ## - NÚMERO DE CONTROL DEL SISTEMA
Número de control de sistema 3362718
010 ## - NÚMERO DE CONTROL DE LA BIBLIOTECA DEL CONGRESO
Número de control de LC 86226826
040 ## - FUENTE DE CATALOGACIÓN
Centro catalogador/agencia de origen DLC
Centro/agencia transcriptor DLC
Centro/agencia modificador DLC
050 14 - SIGNATURA TOPOGRÁFICA DE LA BIBLIOTECA DEL CONGRESO
Número de clasificación 118 PQ 7409
Número de ítem H519R 1984
082 00 - NÚMERO DE LA CLASIFICACIÓN DECIMAL DEWEY
Número de clasificación 928.7293
100 2# - ENTRADA PRINCIPAL--NOMBRE DE PERSONA
Nombre de persona Rodríguez Demorizi, Emilio,
Fechas asociadas al nombre 1908-1986
245 10 - MENCIÓN DEL TÍTULO
Título Dominicanidad de Pedro Henríquez Ureña /
Mención de responsabilidad, etc. Emilio Rodríquez Demorizi.
260 ## - PUBLICACIÓN, DISTRIBUCIÓN, ETC.
Lugar de publicación, distribución, etc. Santo Domingo, R.D. :
Nombre del editor, distribuidor, etc. Editora Taller,
Fecha de publicación, distribución, etc. 1984.
300 ## - DESCRIPCIÓN FÍSICA
Extensión 84 p. :
Otras características físicas ill. ;
Dimensiones 23 cm.
490 1# - MENCIÓN DE SERIE
Mención de serie Fundación Rodriquez Demorizi ;
Designación de volumen o secuencia vol. 21
500 ## - NOTA GENERAL
Nota general "A Pedro Henríquez Ureña en el centenario de su nacimiento, 1884-1984--Universidad Nacional Pedro Henríquez Ureña."
504 ## - NOTA DE BIBLIOGRAFÍA, ETC.
Nota de bibliografía, etc. "Bibliografía de Pedro Henríquez Ureña": p. [41]-77.
500 ## - NOTA GENERAL
Nota general Includes index.
600 20 - PUNTO DE ACCESO ADICIONAL DE MATERIA--NOMBRE DE PERSONA
Nombre de persona Henríquez Urea, Pedro,
Fechas asociadas al nombre 1884-1946.
600 20 - PUNTO DE ACCESO ADICIONAL DE MATERIA--NOMBRE DE PERSONA
Nombre de persona Henríquez Ureña, Pedro,
Fechas asociadas al nombre 1884-1946
Subdivisión general Bibliography.
650 #0 - PUNTO DE ACCESO ADICIONAL DE MATERIA--TÉRMINO DE MATERIA
Término de materia o nombre geográfico como elemento de entrada Authors, Dominican
Subdivisión cronológica 20th century
Subdivisión general Biography.
650 #0 - PUNTO DE ACCESO ADICIONAL DE MATERIA--TÉRMINO DE MATERIA
Término de materia o nombre geográfico como elemento de entrada Critics
Subdivisión geográfica Dominican Republic
Subdivisión general Biography.
830 #0 - PUNTO DE ACCESO ADICIONAL DE SERIE-TÍTULO UNIFORME
Título uniforme Publicaciones (Fundación Rodríguez Demorizi) ;
Designación de volumen o secuencia v. 21.
942 ## - ELEMENTOS DE ENTRADA SECUNDARIOS (KOHA)
Fuente del sistema de clasificación o colocación Clasificación de Library of Congress
Tipo de ítem Koha
946 ## - PROCESAMIENTO DE INFORMACIÓN LOCAL (OCLC)
a clperez
994 ## -
-- sadt
Holdings
Estatus retirado Estado de pérdida Fuente del sistema de clasificación o colocación Estado de daño No para préstamo Colección Biblioteca de origen Biblioteca actual Ubicación en estantería Fecha de adquisición Serial enumeration / chronology Signatura topográfica completa Código de barras Visto por última vez Copia número Tipo de ítem Koha
    Clasificación de Library of Congress     Recursos Regionales Biblioteca Juan Bosch Biblioteca Juan Bosch Recursos Regionales (2do. Piso) 10/04/2023 3 118 PQ 7409 H519R 1984 00000065624 23/10/2018 1  
    Clasificación de Library of Congress     Recursos Regionales Biblioteca Juan Bosch Biblioteca Juan Bosch Recursos Regionales (2do. Piso) 10/04/2023 1 118 PQ 7409 H519R 1984 00000062171 23/10/2018 1